Città più popolose Lombardia - Statistics

Statistiche generali
  • Questo quiz è stato fatto 216 volte
    40 dall'ultimo reset
  • Il punteggio medio è 15 su 20
Statistiche sulle risposte
Città Provincia Popolazione % Corretto
Bergamo Bergamo 120 569
100%
Brescia Brescia 199 784
100%
Milano Milano 1 369 875
100%
Monza Monza e Brianza 123 145
100%
Varese Varese 78 994
100%
Pavia Pavia 71 516
97%
Como Como 83 377
95%
Cremona Cremona 71 072
95%
Mantova Mantova 49 529
95%
Lecco Lecco 47 251
92%
Busto Arsizio Varese 83 784
78%
Rho Milano 50 818
78%
Sesto San Giovanni Milano 78 291
76%
Cinisello Balsamo Milano 75 053
57%
Vigevano Pavia 62 847
54%
Legnano Milano 60 546
49%
Gallarate Varese 52 468
35%
Cologno Monzese Milano 47 088
32%
Lissone Monza e Brianza 46 820
22%
Paderno Dugnano Milano 47 551
11%
Nessun quiz corrispondente trovato
Distribuzione punteggi
Percentuale di utenti per punteggio
Percentile per numero di risposta
I tuoi punteggi nel tempo
Non hai fatto questo quiz dall'ultimo reset